Derecho de Daǫs

Bibliographic Details
Main Author: Echevesti, Carlos
Format: eBook
Language:Spanish
Published: La Plata : Editorial Scotti Libros, 2000
Subjects:
Online Access:http://www.vlex.com/source/6739

MARC

LEADER 00000nam a22000007a 4500
005 20130218144326.0
007 cr|||| ||||
008 130218e2000 ag |||||s|||| 00| 0 spa d
020 |a 9879086287 
035 |a 6739 
040 |a vLex 
090 |c 3669  |d 3669 
100 1 0 |a Echevesti, Carlos 
245 1 0 |a Derecho de Daǫs  |h [Recurso electrn̤ico]  
256 |a Servicio en ln̕ea 
260 |a La Plata :  |b Editorial Scotti Libros,   |c 2000 
300 |a 1 Recurso electrn̤ico 
650 0 4 |a Proteccin̤ de datos 
650 0 4 |a Derecho de las nuevas tecnologa̕s 
740 |a vLex Libros (Servicio en ln̕ea) 
856 |a Acceso restringido  |u http://www.vlex.com/source/6739 
942 |c BOOK 
999 0 |a Technological innovations